Vista normal Vista MARC

Entrada Topical Term

Número de registros utilizados en: 1

001 - CONTROL NUMBER

  • control field: 11400

003 - CONTROL NUMBER IDENTIFIER

  • control field: OSt

005 - DATE AND TIME OF LATEST TRANSACTION

  • control field: 20201013132655.0

008 - FIXED-LENGTH DATA ELEMENTS

  • fixed length control field: 201013|| aca||aabn | a|a d

040 ## - CATALOGING SOURCE

  • Original cataloging agency: OSt
  • Transcribing agency: OSt

150 ## - HEADING--TOPICAL TERM

  • Topical term or geographic name entry element: Ejecutivos Gerentes
  • General subdivision: Manejo

670 ## - SOURCE DATA FOUND

  • Source citation: Work cat.: (OSt)6031: Clément, Marcel, autor 11398, El dirigente de empresa /, 1957.